000 01025nam a2200253 i 4500
001 66282
003 ES-MaACL
005 20230906165604.0
007 t|
008 040203s1972 sp ||||1| spa d
100 1 _aGalera, Montserrat.
_953380
245 1 0 _aAtlas de Barcelona
_b: (siglos XVI-XX) /
_cMontserrat Galera, Francesc Roca, Salvador Tarragó ; presentación por Pau Vila.
260 _aBarcelona :
_bAsesoría Técnica de Ediciones,
_c[1972]
300 _a538 p., 146 lám. :
_bplanos ;
_c25 x 30 cm.
490 1 _aPublicaciones del Colegio Oficial de Arquitectos de Cataluña y Baleares
651 4 _aBarcelona-
_vPlanos.
_9161190
700 1 _aRoca i Martínez, Francesc.
_9162902
700 1 _aTarragó, Salvador.
_9109325
700 1 _aVila, Pau (
_d1881-1980)
_9114700
710 2 _aColegio Oficial de Arquitectos de Cataluña y Baleares.
_92956
830 1 _aPublicaciones del Colegio Oficial de Arquitectos de Cataluña y Baleares
_9182992
852 _aES-MaACL
_jC-52308
999 _c66282
_d66282